Statistics for Miss Americana and the Heartbreak Prince - Taylor Swift (All Lyrics)

Click here to take the quiz!

General Stats

  • This quiz has been taken 225 times
  • The average score is 280 of 401

Answer Stats

HintAnswer% Correct
a
99%
I
99%
You
98%
you
98%
The
96%
the
96%
in
94%
American
92%
and
92%
And
92%
Heartbreak
90%
me
90%
Miss
90%
Prince
90%
My
87%
my
87%
then
87%
Americana
86%
for
85%
It's
85%
Who
85%
I'm
84%
know
84%
That
84%
bad
83%
girl
83%
whole
83%
world
83%
No
82%
that's
82%
to
82%
To
82%
whisper
82%
She's
81%
win
81%
play
80%
be
79%
is
79%
there
79%
They
79%
adore
78%
like
78%
games
77%
stupid
77%
we
77%
hallway
76%
nothing
75%
sixteen
75%
this
75%
was
75%
at
74%
lost
74%
coming
73%
prizes
73%
there's
72%
crazier
71%
school
70%
dice
69%
fake
69%
so
69%
blue
68%
paint
68%
town
68%
with
68%
see
67%
where
67%
away
66%
run
66%
glory
65%
before
64%
go
64%
rolling
64%
Than
64%
time
62%
been
61%
most
61%
we're
61%
We're
61%
long
60%
sad
60%
home
59%
likely
59%
but
58%
now
58%
Now
58%
are
56%
dress
55%
prom
55%
Voted
55%
cause
53%
Cause
53%
gonna
53%
days
52%
faded
51%
feeling
51%
life
51%
men
51%
counted
50%
don't
49%
losing
49%
miles
49%
scared
49%
team
49%
want
49%
cameras
48%
Darling
48%
up
48%
fight
47%
one
47%
should
47%
smile
47%
catch
46%
ripped
46%
care
45%
lights
45%
ran
45%
really
45%
wanna
45%
hopeless
44%
seems
44%
wise
44%
will
43%
Boys
42%
boys
42%
bruising
42%
high
42%
nobody's
42%
Oh
42%
only
42%
depressed
41%
pageant
40%
storm
40%
guys
39%
think
39%
battered
38%
cries
36%
head
36%
never
36%
saw
36%
scoreboard
36%
between
35%
playing
35%
damsels
34%
fives
34%
helpless
34%
just
34%
stories
34%
hung
33%
come
32%
let
32%
muffled
32%
band
31%
burning
31%
I'll
31%
marching
30%
Running
30%
someday
30%
thought
30%
thorns
28%
through
28%
Leave
27%
rose
27%
Repeating section after verseCHORUS
4%

Score Distribution

Percentile by Number Answered

Percent of People with Each Score

Your Score History

You have not taken this quiz